Pokemon Moves - Sudden Death - Statistics

General Stats
  • This quiz has been taken 450 times
  • The average score is 4 of 15
Answers on the Grid
Answers color-coded by a green-red scale on the quiz's grid according to % correct below.
Overdrive
Synchronoise
Bad Joke
G-Max Gravitas
Purify
Magnetic Rise
Pika Power
Clap Trap
1000 Volt Thunderbolt
Mat Block
Refresh
Trump Card
Devastating Quake
Crush Grip
Silk Trap
Shed Skin
Iron Cleave
Strange Steam
G-Max Rapid Blow
Psycho Shift
Court Change
Mediate
Wonder Room
Lunar Dance
Pounding Pandemonium
Type Swap
Blitz Fang
Clamp
 
Answer Stats
Answer % Correct
Overdrive
52%
Synchronoise
42%
G-Max Gravitas
30%
Refresh
26%
Purify
23%
Lunar Dance
22%
Trump Card
22%
Crush Grip
21%
Clamp
19%
Psycho Shift
19%
Court Change
18%
Mat Block
17%
Strange Steam
17%
Wonder Room
17%
Silk Trap
16%
No matching quizzes found
Score Distribution
Percent of People with Each Score
Percentile by Number Answered
Your Score History
You have not taken this quiz